000 00313nam a2200121Ia 4500
008 240731s9999 xx 000 0 und d
022 _a1537-8039
245 0 _aJournal of Foodservice Business Research
260 _bRoutledge
856 _uhttps://www.tandfonline.com/loi/wfbr20
942 _2ddc
942 _cTFEJ
999 _c77733
_d77733
945 _a1
_bMadushi Gamage
_c1
_dMadushi Gamage